000 00594nam a2200205 i 4500
001 65523
003 ES-MaACL
005 20230906165403.0
007 t|
008 040115s1966 sp ||||1| spa d
100 1 _aFrieboes, W.
_952600
245 1 0 _aAtlas de dermatología y venereología /
_cFrieboes, Schönfeld.
260 _aBarcelona :
_bSalvat,
_c[1966]
300 _aVII, 307 p., 106 lám. ;
_c25 cm.
700 1 _aSchönfeld.
_9104646
700 1 _aKimmig, Joseph.
_9205344
700 1 _aJèanner, Michael.
_9128420
852 _aES-MaACL
_jC-32324
_bR.62962
999 _c65523
_d65523